Las brujas de Salem (Registro nro. 30243)

Detalles MARC
000 -LEADER
fixed length control field 00344 a2200121 4500
001 - CONTROL NUMBER
control field ART_27810
005 - DATE AND TIME OF LATEST TRANSACTION
control field 20260410161949.0
008 - FIXED-LENGTH DATA ELEMENTS--GENERAL INFORMATION
fixed length control field 260409a
100 1# - MAIN ENTRY--PERSONAL NAME
Personal name Lucchesi de Ramacciotti, Edda
245 10 - TITLE STATEMENT
Title Las brujas de Salem
700 1# - ADDED ENTRY--PERSONAL NAME
Personal name Sloer de Godfrid, Fanny
773 0# - HOST ITEM ENTRY
Title Invenio
Related parts - Año 2, Nº 3 (jun. 1999)
Record control number REV27781

No hay ítems disponibles.